MARC

LEADER 00000nam0a2200000 4500
001 195344
005 20231101224626.0
010 |b 250 экз. 
035 |a (RuTPU)RU\TPU\book\213088 
035 |a RU\TPU\tpu\4073 
090 |a 195344 
100 |a 20110506d1927 k y0rusy50 ca 
101 0 |a rus 
102 |a RU 
105 |a a j 000zy 
200 1 |a Краткое руководство по лаборатории общей электротехники  |f М. Ф. Филиппов, В. К. Щербаков  |g Сибирский технологический институт (СТИ) им. Ф. Э. Дзержинского ; под ред. преп. Р. А. Воронова 
210 |a Томск  |c Издательство Студкооп СТИ  |d 1927 
215 |a 54 с.  |c ил. 
300 |a Стеклограф. изд. 
606 1 |a Электротехника общая  |2 stltpush  |3 (RuTPU)RU\TPU\subj\20906  |9 45967 
610 1 |a труды учёных ТПУ 
610 1 |a учебные пособия 
610 1 |a коллекция ТПУ 
610 1 |a оборудование 
610 1 |a физические лаборатории 
675 |a 621.3(075)  |v 3 
700 1 |a Филиппов  |b М. Ф.  |c зав. кафедрой теоретической и общей электротехники ТПИ  |c выпускник СТИ 1929 г. по электротехнической специальности  |f 1904-?  |g Михаил Федосеевич  |2 stltpush  |3 (RuTPU)RU\TPU\pers\22824  |9 9802 
701 1 |a Щербаков  |b В. К.  |c российский ученый в области электрических сетей и систем  |c профессор ТПИ  |f 1903-1981  |g Василий Кузьмич  |2 stltpush  |3 (RuTPU)RU\TPU\pers\21926  |9 9262 
702 1 |a Воронов  |b Р. А.  |c советский ученый-электротехник  |c профессор ТПИ  |f 1904-1977  |g Ростислав Александрович  |2 stltpush  |3 (RuTPU)RU\TPU\pers\21859  |9 9197 
712 0 2 |a Сибирский технологический институт (СТИ)  |c (Томск)  |c (1923-1930)  |2 stltpush  |3 (RuTPU)RU\TPU\col\5002 
801 0 |a RU  |b 63413507  |c 20011210  |g PSBO 
801 2 |a RU  |b 63413507  |c 20191121  |g PSBO 
942 |c BK